Longest AFL Player Contracts Ever - Statistics

General Stats
  • This quiz has been taken 41 times
  • The average score is 7 of 16
Answer Stats
Contract Length - Years Club Answer % Correct
9 Sydney Lance Franklin
85%
7 Richmond Dustin Martin
76%
8 Port Adelaide Connor Rozee
58%
7 Melbourne Christian Petracca
55%
8 GWS Josh Kelly
48%
7 Melbourne Clayton Oliver
42%
8 Western Bulldogs Aaron Naughton
39%
7 Richmond Jacob Hopper
39%
7 Richmond Tom Lynch
39%
10 Brisbane Alastair Lynch
36%
7 Richmond Tim Taranto
36%
7 GWS Stephen Coniglio
33%
7 GWS Lachie Whitfield
27%
7 Carlton Harry McKay
24%
7 Sydney Nick Blakey
21%
7 Sydney Brodie Grundy
9%
No matching quizzes found
Score Distribution
Percent of People with Each Score
Percentile by Number Answered
Your Score History
You have not taken this quiz